Country by Flag Map #2 - Statistics

General Stats
  • This quiz has been taken 41 times
  • The average score is 15 of 16
Answer Stats
Picture Answer % Correct
Italy
100%
United Kingdom
100%
Finland
97%
Israel
97%
Russia
97%
Brazil
93%
France
93%
Greece
93%
Spain
93%
Australia
90%
Iceland
90%
Mexico
90%
Slovenia
90%
Switzerland
90%
Albania
87%
Kosovo
87%
No matching quizzes found
Score Distribution
Percent of People with Each Score
Percentile by Number Answered
Your Score History
You have not taken this quiz